00917nam a2200181 a 450000100100000000500170001000800410002702000180006804000250008608200160011124500760012726000670020330000320027050000500030250503250035270000290067774000290070600003611820200930074907.0111214s2007 mx ac 000 0 spa d a9789684182974 aDO-SdBNPbspacBNPHU aR 036bG74800aGran enciclopedia Time Life /cdirección editorial Bettina Cositorto. aMexíco, D.F. :bEdiciones Culturales Internacionales,c2007. av. :bil., retrs. ;c28 cm. aLa biblioteca posee los volumenes 10, 11 y 120 gv. 10 -tBiografías universales: grandes forjadores de la historia de la humanidad: Aalto-García Lorca:gV.11 -tBiografías universales: grandes forjadores de la historia de la humanidad: García Márquez-Paganinigv.12 -tBiografías universales: grandes forjadores de la historia de la humanidad : Paine-Zweig12aCositorto, Bettina,eed.2 aBiografías universales